000 00325nam a2200133Ia 4500
005 20260328104244.0
008 260328s9999||||xx |||||||||||||| ||und||
100 _aCasals, Lluis
245 0 _aLa Alhambra de Granada /
_cLluis Casals
260 _bTriangle Postals
300 _a191 p.
650 _aEDAD MEDIA
942 _cBK
999 _c10006
_d10006